000 00866nam a2200337Ia 4500
001 8145
005 20240113234052.0
007 ta
008 050716s1991 a g b000 u eng u
040 _aCotton College,Assam
041 _aeng
082 _a910.133
_bGu 939 Ne
100 _aGuha , J.L..
245 0 _aA New Approach to Economic Geography /
_cJ.L.Guha, P.R.Chattoraj.
_hTextual Documents
250 _a12th ed. /
260 _aCalcutta :
_bThe World Press Pvt. ,
_c1991.
300 _a728p. :
_bill ;
_c22cm .
653 _aGeography
653 _aEconomic geography
653 _aPG-Geography
653 _aG-Geography
700 _aChattoraj, P.R. .
942 _2ddc
_cBK
999 _c8132
_d8132